'The Three Brothers' Harry Potter Map Quiz Stats

 Plays Quiz Updated Mar 24, 2016

Score 0/288 Timer 20:00
3 Plays Today
% Correct
brother
97.3%
brother
97.3%
brother
97.3%
brother
97.3%
brother
97.3%
brother
97.3%
brother
97.3%
brother
97.3%
brother
97.3%
brother
97.3%
brother
97.3%
brother
97.3%
brother
97.3%
brother
97.3%
brother
97.3%
three
96.9%
three
96.9%
three
96.9%
three
96.9%
brothers
91.6%
brothers
91.6%
brothers
91.6%
brothers
91.6%
brothers
91.6%
brothers
91.6%
brothers
91.6%
brother's
91.6%
Death
86.8%
Death
86.8%
Death
86.8%
Death
86.8%
Death
86.8%
Death
86.8%
Death
86.8%
Death
86.8%
Death
86.8%
Death
86.8%
Death
86.8%
Death
86.8%
Death
86.8%
Death
86.8%
death
86.8%
Death
86.8%
Death
86.8%
Death
86.8%
wand
85.7%
wand
85.7%
wand
85.7%
wand
85.7%
Wand
85.7%
wand
85.7%
wand
85.7%
Cloak
80%
Cloak
80%
stone
77.9%
stone
77.9%
stone
77.9%
old
77.3%
river
77.3%
river
77.3%
river
77.3%
second
77%
second
77%
second
77%
second
77%
second
77%
bridge
75.8%
first
75.6%
first
75.6%
third
73.8%
third
73.8%
Invisibility
72.7%
Invisibility
72.7%
road
71.9%
power
71.5%
power
71.5%
power
71.5%
elder
71.5%
Elder
71.5%
youngest
68.1%
youngest
68.1%
youngest
68.1%
gave
68%
gave
68%
gave
68%
oldest
67.5%
oldest
67.5%
oldest
67.5%
oldest
67.5%
oldest
67.5%
travelling
66.6%
dead
65.6%
dead
65.6%
dead
65.6%
asked
65.5%
asked
65.5%
% Correct
asked
65.5%
asked
65.5%
took
65.2%
took
65.2%
took
65.2%
path
65.1%
powerful
64.7%
powerful
64.7%
friend
63.8%
own
63.3%
own
63.3%
win
62.9%
win
62.9%
went
62.2%
time
61.3%
wizard
61.1%
wizard
61.1%
wizard
61.1%
night
59.8%
wands
59.3%
tree
59%
mad
58.1%
cheated
57.8%
said
57.7%
deep
57.3%
magic
56.4%
way
56.2%
made
55.5%
made
55.5%
bring
55.5%
son
55.4%
angry
55.4%
man
55.1%
man
55.1%
go
54.5%
back
53.8%
twilight
53.7%
figure
53.3%
figure
53.3%
waved
52.6%
told
52.3%
found
52.2%
years
51.9%
off
51.8%
greeted
51.4%
clever
51.3%
blocked
51.2%
swim
51%
spoke
50.3%
drowned
49.9%
hand
49.5%
wade
49.4%
due
49%
life
48.8%
across
48.5%
find
48.3%
searched
48.1%
owner
47.8%
killed
47.1%
something
46.8%
cunning
46.8%
able
46.7%
duel
46.4%
halfway
46.1%
arts
45.7%
magical
45.5%
wanted
45.4%
did
45.1%
existence
44.9%
appear
44.9%
like
44.9%
out
44.5%
branch
44.5%
water
44.3%
hooded
44.2%
winding
44.2%
girl
43.8%
up
43.7%
world
42.7%
wisest
42.2%
followed
41.9%
followed
41.9%
home
41.5%
stood
41.4%
measure
41.1%
continue
41.1%
throat
40.8%
allowed
40.6%
untimely
40.3%
slit
40.2%
congratulate
40.1%
earned
39.9%
turned
39.6%
duels
38.7%
picked
38.6%
marry
38.6%
% Correct
reached
38.5%
belong
38.4%
lived
38.1%
humiliate
38%
travellers
37.8%
prize
37.8%
place
37.3%
sad
36.4%
appeared
36.3%
new
36.3%
trust
35.3%
learned
34.9%
worthy
34.8%
over
34.6%
fashioned
34%
bed
33.9%
returned
33.3%
banks
33.1%
lonely
32.8%
lay
32.7%
thrice
32.1%
separated
32%
separated
32%
quarrel
31.7%
pretended
31.5%
departed
31.4%
course
31.3%
weapon
30.6%
travelled
30.5%
handed
30.5%
week
30.2%
dangerous
30.1%
hung
30%
inn
28.9%
boasted
28.8%
age
28.6%
cold
28.5%
decided
28.1%
victims
27.8%
veil
27.8%
humblest
27.4%
join
27%
evade
26.8%
arrogant
26.8%
alone
26.7%
gladly
26.5%
great
26.1%
treacherous
25.9%
floor
25.6%
Death's
25.6%
invincible
25.5%
gifts
25.3%
fail
25.2%
thief
24.6%
sought
24.5%
truly
24.2%
truly
24.2%
forth
24%
driven
23.8%
hoped
23.4%
delight
23.2%
equals
23%
recall
22.8%
recall
22.8%
conquered
22.8%
riverbank
22.7%
crossed
22.5%
enemy
22%
amazement
21.6%
enable
21.5%
loudly
20.9%
destination
20.5%
village
20.2%
unwillingly
20.1%
mortal
20%
others
19.3%
crept
18.9%
adventure
18.4%
longing
18.4%
combative
17.8%
distant
17.3%
fellow
17.2%
wine
16.3%
journeyed
16%
attained
15.2%
sodden
14.9%
talking
14.7%
Leaving
14.7%
wonder
14.1%
suffered
13.5%
admiring
12.2%
hopeless
11.9%
Naturally
11.7%
reaching
10.7%
snatched
10.3%
proceeded
10.3%

You're not logged in!

Compare scores with friends on all Sporcle quizzes.
OR
Log In

Show Comments

Extras

Top Quizzes Today


Score Distribution

Your Account Isn't Verified!

In order to create a playlist on Sporcle, you need to verify the email address you used during registration. Go to your Sporcle Settings to finish the process.

Report this User

Report this user for behavior that violates our Community Guidelines.

Details: